000 01672cad a22002895a 4500
001 L159182
008 090706s2016 xxkado f s 000 0 eng d
035 _a(Sirsi) u159182
041 0 _aeng
050 0 4 _a307.34160942 $2 22
110 2 _aAll Party Parliamentary Sustainable Resource Group
_96178
245 0 0 _aLink to link
_bdriving resource efficiency across supply chains
_h[electronic resource]
260 _a[London]
_bAPSRG
_c2016
505 2 _aForeword -- Introduction -- Overview -- Procurement -- Design and manufacture -- Logistics -- Consumers and behaviour -- Business models and EPR -- Management of discards -- Metrics and accounting -- Conclusion and overview
520 _aA collection of ten case studies and expert essays that cover each stage of the supply chain. It explores how resources can be better used to make supply chains more efficient and how waste can be cut along the supply chain. It makes 12 recommendations, most notably calling for the government to conduct a call for evidence on the state of play of resource efficiency in UK companies to determine barrier preventing them from being resource efficient.
521 _aAdvanced
590 _aKA NTK
650 2 4 _aSUPPLY CHAIN
650 2 4 _aENVIRONMENTAL AND LAND CONSULTANCY-WASTE MANAGEMENT
650 2 4 _aRESOURCES
650 2 4 _aEFFICIENCY
651 4 _aUnited Kingdom
_y
690 _aProcurement
_96260
690 _aProject management
_96261
856 4 0 _uhttps://www.policyconnect.org.uk/apsrg/sites/site_apsrg/files/report/633/fieldreportdownload/apsrglinktolinkwebrgbsinglepaged.pdf
_zView the report free of charge at www.policyconnect.org.uk...
942 _n0
999 _c115724
_d115724